000
00336 a2200157 4500
001
47785
020
_a
9780230443679
040
_c
Anchieta - Aquarius
100
_a
Pascoe, Joanna
240
1
0
_a
Monkeys
_l
por
245
1
0
_a
Monkeys
300
_a
23
362
0
_a
2013
650
4
_a
Literatura infanto-juvenil em inglês
942
_c
BK
999
_c
47785
_d
47785